Aplikácia ASP.NET webových služieb v úrokovej správe bežného bankového účtu diplomová práca

Enregistré dans:
Détails bibliographiques
Auteur principal: Hužvár, Martin
Collectivité auteur: Fakulta hospodárskej informatiky EU. Katedra aplikovanej informatiky
Autres auteurs: Košťál, Igor, 1962-
Format: Livre
Langue:slovaque
Publié: Bratislava 2014
Tags: Ajouter un tag
Pas de tags, Soyez le premier à ajouter un tag!

MARC

LEADER 00000nbm a2200000 4500
001 0197415
005 20161212111143.0
041 0 |a slo 
044 |a SK 
245 1 0 |a Aplikácia ASP.NET webových služieb v úrokovej správe bežného bankového účtu  |b diplomová práca  |c Martin Hužvár ; školiteľ: Igor Košťál 
264 1 |a Bratislava  |c 2014 
100 1 |a Hužvár, Martin 
700 1 |a Košťál, Igor, 1962- 
710 2 |a Fakulta hospodárskej informatiky EU. Katedra aplikovanej informatiky